[Event "Heusenstamm Schloss op"]
[Site "Heusenstamm"]
[Date "2023.11.26"]
[Round "6"]
[White "Akhmatovski, Maxim"]
[Black "Neukirchner, Pascal"]
[Result "1/2-1/2"]
[WhiteElo "2070"]
[BlackElo "2286"]
[PlyCount "84"]
[EventDate "2023.11.23"]
[EventType "swiss"]
[EventRounds "7"]
[EventCountry "GER"]
[SourceTitle "CB50_2023"]
[SourceDate "2023.12.13"]
[SourceVersion "1"]
[SourceVersionDate "2023.12.13"]
[SourceQuality "1"]

1. d4 Nf6 2. c4 c5 3. d5 b5 4. cxb5 a6 5. e3 e6 6. Nc3 exd5 7. Nxd5 Bb7 8. Nxf6+ Qxf6 9. Nf3 Be7 10. Be2 axb5 11. Bxb5 Bc6 12. Bxc6 Nxc6 13. 0-0 Ra7 14. a3 0-0 15. Rb1 Rb8 16. b4 Qf5 17. Rb3 Rab7 18. Qe2 Bf6 19. Rd3 cxb4 20. axb4 Nxb4 21. Rd2 Bc3 22. Rdd1 Nc6 23. Rd3 Bf6 24. Ba3 d5 25. Rfd1 Rb1 26. h3 h6 27. Rxb1 Rxb1+ 28. Rd1 Rb3 29. Bc5 Rb2 30. Rd2 Qb1+ 31. Qd1 Qe4 32. Rxb2 Bxb2 33. Bd4 Bxd4 34. Nxd4 Nxd4 35. Qxd4 Qxd4 36. exd4 Kh7 37. Kh2 Kg6 38. Kg3 Kf5 39. Kf3 h5 40. Ke3 g5 41. g3 Ke6 42. g4 hxg4 1/2-1/2

[Event "Rhein Main op-A 25th"]
[Site "Bad Homburg"]
[Date "2023.06.08"]
[Round "2"]
[White "Akhmatovski, Maxim"]
[Black "Haack, Kevin"]
[Result "0-1"]
[WhiteElo "2018"]
[BlackElo "2303"]
[PlyCount "56"]
[EventDate "2023.06.07"]
[EventType "swiss"]
[EventRounds "7"]
[EventCountry "GER"]
[SourceTitle "CBM 215 Extra"]
[Source "ChessBase"]
[SourceDate "2023.09.30"]
[SourceVersion "1"]
[SourceVersionDate "2023.09.30"]
[SourceQuality "1"]

1. d4 Nf6 2. Nc3 d5 3. Bf4 a6 4. e3 e6 5. g4 Bb4 6. Bd3 c5 7. g5 cxd4 8. exd4 Ne4 9. Bxe4 Bxc3+ 10. bxc3 dxe4 11. Ne2 0-0 12. Ng3 Qa5 13. Nxe4 e5 14. Bxe5 Bf5 15. f3 Bxe4 16. fxe4 Qxc3+ 17. Kf2 Nc6 18. Qd3 Qb4 19. Rab1 Qe7 20. Qg3 Rac8 21. Rhc1 Rfe8 22. h4 Nxe5 23. Qxe5 Qd7 24. Qd5 Qg4 25. Rxb7 Qf4+ 26. Kg2 Qd2+ 27. Kh3 Rc3+ 28. Kg4 Qe2+ 0-1

[Event "Heusenstamm Schloss op"]
[Site "Heusenstamm"]
[Date "2022.11.19"]
[Round "5"]
[White "Buese, Ralf"]
[Black "Akhmatovski, Maxim"]
[Result "1-0"]
[WhiteElo "1870"]
[BlackElo "1934"]
[PlyCount "49"]
[EventDate "2022.11.17"]
[EventType "swiss"]
[EventRounds "7"]
[EventCountry "GER"]
[SourceTitle "CBM 212 Extra"]
[Source "ChessBase"]
[SourceDate "2023.03.31"]
[SourceVersion "1"]
[SourceVersionDate "2023.03.31"]
[SourceQuality "1"]

1. d4 Nf6 2. Nf3 c5 3. d5 e6 4. Nc3 exd5 5. Nxd5 Nxd5 6. Qxd5 d6 7. Ng5 Qc7 8. Bf4 Nc6 9. 0-0-0 Nb4 10. Qe4+ Qe7 11. a3 Qxe4 12. Nxe4 Bf5 13. Nxd6+ Bxd6 14. Bxd6 Nxc2 15. e3 0-0-0 16. Bc4 f6 17. Rd5 Be6 18. Rxc5+ Kd7 19. Rd1 Bxc4 20. Bc7+ Ke7 21. Bxd8+ Rxd8 22. Rxd8 Kxd8 23. Rxc4 Ne1 24. Kd2 Nxg2 25. Rg4 1-0

[Event "Heusenstamm Schloss op"]
[Site "Heusenstamm"]
[Date "2022.11.18"]
[Round "3"]
[White "Akhmatovski, Maxim"]
[Black "Mehlen, Theodor"]
[Result "1-0"]
[WhiteElo "1934"]
[BlackElo "1827"]
[PlyCount "59"]
[EventDate "2022.11.17"]
[EventType "swiss"]
[EventRounds "7"]
[EventCountry "GER"]
[SourceTitle "CBM 212 Extra"]
[Source "ChessBase"]
[SourceDate "2023.03.31"]
[SourceVersion "1"]
[SourceVersionDate "2023.03.31"]
[SourceQuality "1"]

1. d4 d5 2. Nc3 Nf6 3. Bf4 c5 4. e3 e6 5. Nf3 Bd6 6. Ne5 0-0 7. Qf3 Nc6 8. 0-0-0 cxd4 9. exd4 a6 10. g4 Qc7 11. Qg3 Nd7 12. Ng6 Bxf4+ 13. Nxf4 b5 14. Bd3 g6 15. Nce2 Qa5 16. Kb1 Nb4 17. Nc1 Bb7 18. c3 Nxd3 19. Ncxd3 Rac8 20. h4 Qc7 21. Rde1 a5 22. g5 Ba6 23. h5 b4 24. Qh3 Bxd3+ 25. Nxd3 Nb6 26. hxg6 fxg6 27. Qxe6+ Kh8 28. Ne5 Kg7 29. Rxh7+ Kxh7 30. Qxg6+ 1-0

[Event "Rhein Main op-A 24th"]
[Site "Bad Homburg"]
[Date "2022.06.18"]
[Round "5"]
[White "Haack, Kevin"]
[Black "Akhmatovski, Maxim"]
[Result "1-0"]
[WhiteElo "2176"]
[BlackElo "1730"]
[PlyCount "79"]
[EventDate "2022.06.15"]
[EventType "swiss"]
[EventRounds "7"]
[EventCountry "GER"]
[SourceTitle "EXT 2023"]
[Source "ChessBase"]
[SourceDate "2022.10.05"]
[SourceVersion "1"]
[SourceVersionDate "2022.10.05"]
[SourceQuality "1"]

1. d4 g6 2. e4 Bg7 3. Nc3 c5 4. dxc5 Bxc3+ 5. bxc3 Nf6 6. e5 Ne4 7. Bc4 Nxc5 8. Nf3 Nc6 9. 0-0 Qc7 10. Re1 Ne6 11. Bh6 b6 12. Bd5 Bb7 13. Qe2 0-0-0 14. Rad1 Rhg8 15. c4 g5 16. h4 g4 17. Ng5 Nxg5 18. Bxg5 e6 19. Be4 Kb8 20. Bxd8 Qxd8 21. g3 Qc7 22. Bxh7 Rg7 23. Be4 Ba6 24. Bg2 Na5 25. Qe4 Bb7 26. Qd3 Kc8 27. Qa3 Bxg2 28. Kxg2 Qc5 29. Qxc5+ bxc5 30. Rb1 a6 31. Re4 Kc7 32. f3 gxf3+ 33. Kxf3 Nc6 34. c3 d5 35. exd6+ Kxd6 36. Rd1+ Ke7 37. Rde1 Kf6 38. g4 e5 39. Rd1 Ke6 40. Rd5 1-0

[Event "Rhein Main op-A 24th"]
[Site "Bad Homburg"]
[Date "2022.06.15"]
[Round "1"]
[White "Hochmuth, Christian"]
[Black "Akhmatovski, Maxim"]
[Result "1/2-1/2"]
[WhiteElo "2023"]
[BlackElo "1730"]
[PlyCount "91"]
[EventDate "2022.06.15"]
[EventType "swiss"]
[EventRounds "7"]
[EventCountry "GER"]
[SourceTitle "EXT 2023"]
[Source "ChessBase"]
[SourceDate "2022.10.05"]
[SourceVersion "1"]
[SourceVersionDate "2022.10.05"]
[SourceQuality "1"]

1. c4 g6 2. Nc3 Bg7 3. g3 c5 4. Bg2 Nc6 5. d3 a6 6. e4 Rb8 7. Nge2 b5 8. cxb5 axb5 9. 0-0 b4 10. Nd5 e6 11. Ne3 Nge7 12. f4 d5 13. e5 Ba6 14. Ng4 Nf5 15. Nf2 Ncd4 16. Nxd4 cxd4 17. Re1 0-0 18. Bh3 Ne7 19. Bd2 Nc6 20. Rc1 Qb6 21. Re2 Bb5 22. a4 bxa3 23. bxa3 Ra8 24. Bb4 Nxb4 25. axb4 Ba4 26. Qe1 Rfc8 27. Rb2 Bf8 28. Qd2 Rxc1+ 29. Qxc1 Rb8 30. Ng4 Qa6 31. f5 exf5 32. Nf6+ Kh8 33. Qc7 Qb7 34. Qxb7 Rxb7 35. Nxd5 Bc6 36. Bg2 Bg7 37. Re2 Rb8 38. e6 fxe6 39. Rxe6 Bb5 40. Bf1 Bf8 41. Kf2 Rc8 42. Rb6 Rc2+ 43. Kg1 Bc6 44. Rb8 Kg7 45. Rc8 Ba4 46. Rxc2 1/2-1/2

[Event "Heusenstamm Sparkassen op-B 7th"]
[Site "Heusenstamm"]
[Date "2021.11.21"]
[Round "7.3"]
[White "Akhmatovski, Maxim"]
[Black "Schwab, Tizian"]
[Result "1-0"]
[WhiteElo "1359"]
[BlackElo "1634"]
[PlyCount "27"]
[EventDate "2021.11.18"]
[EventType "swiss"]
[EventRounds "7"]
[EventCountry "GER"]
[SourceTitle "EXT 2023"]
[Source "ChessBase"]
[SourceDate "2022.10.05"]
[SourceVersion "1"]
[SourceVersionDate "2022.10.05"]
[SourceQuality "1"]

1. e4 c6 2. Nc3 d5 3. Nf3 dxe4 4. Nxe4 Bg4 5. Bc4 Nd7 6. Bxf7+ Kxf7 7. Nfg5+ Ke8 8. Qxg4 Ngf6 9. Qe6 Qa5 10. Nd6+ Kd8 11. Nxb7+ Kc7 12. Nxa5 Nb6 13. Qxc6+ Kd8 14. Nb7# 1-0

[Event "Heusenstamm Sparkassen op-B 7th"]
[Site "Heusenstamm"]
[Date "2021.11.20"]
[Round "5.2"]
[White "Akhmatovski, Maxim"]
[Black "Bardorz, Christoph"]
[Result "1-0"]
[WhiteElo "1359"]
[BlackElo "1764"]
[PlyCount "159"]
[EventDate "2021.11.18"]
[EventType "swiss"]
[EventRounds "7"]
[EventCountry "GER"]
[SourceTitle "EXT 2023"]
[Source "ChessBase"]
[SourceDate "2022.10.05"]
[SourceVersion "1"]
[SourceVersionDate "2022.10.05"]
[SourceQuality "1"]

1. e4 e5 2. Nf3 Nc6 3. Bc4 Nf6 4. Ng5 d5 5. exd5 Na5 6. Bb5+ c6 7. dxc6 bxc6 8. Be2 h6 9. Nf3 e4 10. Ne5 Bd6 11. d4 exd3 12. Nxd3 Qc7 13. Nc3 Bf5 14. h3 0-0 15. 0-0 Rad8 16. b3 Be5 17. Bb2 Ne4 18. Qe1 Bd4 19. Nxe4 Bxb2 20. Nxb2 Bxe4 21. Qc3 Rd5 22. Rad1 Qe5 23. Qxe5 Rxe5 24. f4 Re7 25. Rd2 Rfe8 26. Bf3 f5 27. b4 Nb7 28. Nc4 Rc7 29. Ne5 Bxf3 30. Rxf3 a5 31. bxa5 Ra8 32. Nc4 Nxa5 33. Ra3 Rca7 34. Nxa5 Rxa5 35. Rxa5 Rxa5 36. c3 Ra3 37. Rc2 Kf7 38. Kf2 Ke6 39. Ke2 g5 40. fxg5 hxg5 41. Kd3 Kd5 42. g3 c5 43. h4 gxh4 44. gxh4 f4 45. h5 c4+ 46. Ke2 Ke4 47. h6 Ra6 48. Rd2 Rxh6 49. Rd4+ Ke5 50. Rxc4 Rh2+ 51. Kf3 Rxa2 52. Rxf4 Kd5 53. Ke3 Rh2 54. Kd3 Rh3+ 55. Kc2 Kc5 56. Kb3 Rh5 57. Ra4 Rh1 58. Ra5+ Kb6 59. Rg5 Rh4 60. c4 Rh3+ 61. Kb4 Rh1 62. Rg6+ Kc7 63. Kb5 Rb1+ 64. Kc5 Rc1 65. Rg7+ Kc8 66. Kb5 Rb1+ 67. Kc6 Kd8 68. Rg8+ Ke7 69. c5 Rb3 70. Kc7 Rc3 71. c6 Rc1 72. Rg2 Rc3 73. Re2+ Kf6 74. Kb7 Rb3+ 75. Kc8 Rc3 76. c7 Rc1 77. Re4 Kf5 78. Rb4 Ke6 79. Kb7 Kd7 80. Rd4+ 1-0

[Event "Heusenstamm Sparkassen op-B 7th"]
[Site "Heusenstamm"]
[Date "2021.11.19"]
[Round "2.21"]
[White "Akhmatovski, Maxim"]
[Black "Bergner, Matthias"]
[Result "1-0"]
[WhiteElo "1359"]
[BlackElo "1632"]
[PlyCount "77"]
[EventDate "2021.11.18"]
[EventType "swiss"]
[EventRounds "7"]
[EventCountry "GER"]
[SourceTitle "EXT 2023"]
[Source "ChessBase"]
[SourceDate "2022.10.05"]
[SourceVersion "1"]
[SourceVersionDate "2022.10.05"]
[SourceQuality "1"]

1. e4 e6 2. b3 b6 3. d4 g6 4. Bb2 Bg7 5. Nf3 Ne7 6. Bd3 Bb7 7. Nbd2 d5 8. e5 c5 9. c3 Nbc6 10. 0-0 0-0 11. Re1 cxd4 12. cxd4 Rc8 13. Rc1 Nb4 14. Bf1 a5 15. a3 Rxc1 16. Qxc1 Nbc6 17. Nb1 Qd7 18. Nc3 Rc8 19. Qd2 Na7 20. Qd3 Nf5 21. g4 Ne7 22. Rc1 f5 23. exf6 Bxf6 24. Qe3 Nec6 25. g5 Bg7 26. Bh3 Nd8 27. Re1 Rc6 28. Ne5 Bxe5 29. Qxe5 Rd6 30. Ne2 Nac6 31. Qe3 Ne7 32. Nf4 Nf5 33. Bxf5 exf5 34. a4 Bc8 35. Ba3 Rc6 36. Qe8+ Qxe8 37. Rxe8+ Kf7 38. Rf8+ Kg7 39. Rxd8 1-0

[Event "Heusenstamm Sparkassen op-B 7th"]
[Site "Heusenstamm"]
[Date "2021.11.19"]
[Round "3.8"]
[White "Wartenberg, Alexander"]
[Black "Akhmatovski, Maxim"]
[Result "0-1"]
[WhiteElo "1405"]
[BlackElo "1359"]
[PlyCount "120"]
[EventDate "2021.11.18"]
[EventType "swiss"]
[EventRounds "7"]
[EventCountry "GER"]
[SourceTitle "EXT 2023"]
[Source "ChessBase"]
[SourceDate "2022.10.05"]
[SourceVersion "1"]
[SourceVersionDate "2022.10.05"]
[SourceQuality "1"]

1. e4 e6 2. d4 d5 3. Nc3 dxe4 4. Nxe4 Nd7 5. Bd3 Ngf6 6. Ne2 Be7 7. N2c3 c5 8. Nb5 Nxe4 9. Bxe4 Nf6 10. Bd3 a6 11. Nc3 cxd4 12. Ne2 e5 13. Bg5 h6 14. Bh4 Qd5 15. Bxf6 Bxf6 16. f3 Qa5+ 17. c3 Be6 18. 0-0 0-0 19. cxd4 exd4 20. Nf4 Bd7 21. Qb3 Bg5 22. Ne2 Be3+ 23. Kh1 Bc6 24. Bc2 Bb5 25. Bd3 Bxd3 26. Qxd3 Rfd8 27. Rfd1 Qb6 28. b3 Rac8 29. Qe4 Qc6 30. Qg4 Qg6 31. Qh4 Rd7 32. Ng3 Rc2 33. Qh3 Rd5 34. Qh4 Bf2 35. Qf4 Rg5 36. Rdc1 Be3 37. Qb8+ Kh7 38. Rxc2 Qxc2 39. Qxb7 f5 40. Qd5 d3 41. Qc4 Rg6 42. Qxc2 dxc2 43. Ne2 Rd6 44. Nc3 c1Q+ 45. Rxc1 Bxc1 46. g3 Rd2 47. b4 Rc2 48. b5 Rxc3 49. bxa6 Ra3 50. a7 Rxa7 51. a4 Rxa4 52. f4 g5 53. g4 fxg4 54. f5 Ra2 55. h4 gxh3 56. f6 g4 57. f7 Kg7 58. f8Q+ Kxf8 59. Kg1 g3 60. Kh1 Rd2 0-1

[Event "GER-ch Net blitz qual1"]
[Site "Playchess.com INT"]
[Date "2021.04.24"]
[Round "10"]
[White "Akhmatovski, Maxim"]
[Black "Halt, David"]
[Result "0-1"]
[WhiteElo "1620"]
[BlackElo "1914"]
[PlyCount "90"]
[EventDate "2021.04.24"]
[EventType "swiss (blitz)"]
[EventRounds "11"]
[EventCountry "GER"]
[SourceTitle "CBM 202 Extra"]
[Source "ChessBase"]
[SourceDate "2021.07.31"]
[SourceVersion "1"]
[SourceVersionDate "2021.07.31"]
[SourceQuality "1"]

1. e4 e5 2. Nf3 Nc6 3. c3 d5 4. Qa4 f6 5. Bb5 Nge7 6. exd5 Qxd5 7. d4 e4 8. Nfd2 a6 9. Bc4 Qg5 10. g3 e3 11. Ne4 exf2+ 12. Kxf2 Qf5+ 13. Ke3 Nd5+ 14. Bxd5 Qxd5 15. Qb3 Qxb3 16. axb3 Bf5 17. Nbd2 0-0-0 18. Rf1 Bg6 19. Nc4 Re8 20. Rf4 Ne7 21. Kf2 Nd5 22. Nxf6 gxf6 23. Rh4 c5 24. Bf4 Nxf4 25. Rxf4 cxd4 26. Rxd4 Bc5 27. Nd6+ Kb8 28. Nxe8 Rxe8 29. Rad1 Bc2 30. R1d2 Bxb3 31. Kg2 Bxd4 32. Rxd4 Re2+ 33. Kg1 Rxb2 34. Rh4 Bc2 35. Rf4 Rb6 36. h4 a5 37. c4 a4 38. c5 Rc6 39. Rc4 Bb3 40. Rc3 b5 41. Kf2 b4 42. Rc1 a3 43. Ke3 a2 44. Kd4 Ra6 45. Ra1 Be6 0-1

[Event "GER-ch Net blitz qual1"]
[Site "Playchess.com INT"]
[Date "2021.04.24"]
[Round "5"]
[White "Lachmann, Utz"]
[Black "Akhmatovski, Maxim"]
[Result "1-0"]
[WhiteElo "1907"]
[BlackElo "1620"]
[PlyCount "97"]
[EventDate "2021.04.24"]
[EventType "swiss (blitz)"]
[EventRounds "11"]
[EventCountry "GER"]
[SourceTitle "CBM 202 Extra"]
[Source "ChessBase"]
[SourceDate "2021.07.31"]
[SourceVersion "1"]
[SourceVersionDate "2021.07.31"]
[SourceQuality "1"]

1. e4 e6 2. d4 d5 3. Nc3 dxe4 4. Nxe4 Nd7 5. Nf3 Ngf6 6. Bg5 Be7 7. Ng3 h6 8. Be3 Nd5 9. Bd3 0-0 10. 0-0 c5 11. c3 Nxe3 12. fxe3 b6 13. Be4 Rb8 14. Qd3 Nf6 15. Rad1 Nxe4 16. Qxe4 Bb7 17. Qg4 f5 18. Qh5 Qe8 19. Ne5 Qxh5 20. Nxh5 Rbd8 21. Nf4 Bd5 22. c4 g5 23. Nfg6 Bf6 24. cxd5 Rfe8 25. dxe6 Rxe6 26. Rxf5 Kg7 27. g4 Rd5 28. Nf3 Rxe3 29. Rxd5 Rxf3 30. Ne5 Rf4 31. Rd7+ Kg8 32. Rf1 Bxe5 33. dxe5 Rxg4+ 34. Kh1 Re4 35. Rxa7 Rxe5 36. Rd1 Re8 37. Kg2 Re2+ 38. Kf3 Re8 39. Kg4 b5 40. Kh5 b4 41. Rc7 c4 42. Rxc4 b3 43. axb3 g4 44. Rxg4+ Kh8 45. Kxh6 Re6+ 46. Rg6 Re8 47. Rd7 Re7 48. Rd8+ Re8 49. Rxe8# 1-0

[Event "DSOL 07 Liga Gr-C 1st"]
[Site "Playchess.com INT"]
[Date "2020.08.06"]
[Round "7.2"]
[White "Akingboye, Michael"]
[Black "Akhmatovski, Maxim"]
[Result "1/2-1/2"]
[WhiteElo "1000"]
[BlackElo "1433"]
[PlyCount "138"]
[EventDate "2020.06.22"]
[EventType "team-tourn (rapid)"]
[EventCountry "GER"]
[SourceTitle "EXT 2021"]
[Source "ChessBase"]
[SourceDate "2020.10.23"]
[SourceVersion "1"]
[SourceVersionDate "2020.10.23"]
[SourceQuality "1"]
[WhiteTeam "Brand SF II"]
[BlackTeam "Oberursel III"]
[WhiteTeamCountry "GER"]
[BlackTeamCountry "GER"]

1. d4 Nf6 2. c4 e5 3. dxe5 Ng4 4. Nf3 Bc5 5. e3 Nc6 6. a3 a5 7. Qd5 Qe7 8. Nc3 Ngxe5 9. Nxe5 Nxe5 10. Qd1 d6 11. Be2 Be6 12. Nd5 Qd7 13. 0-0 c6 14. f4 Ng4 15. Bxg4 Bxg4 16. Nc7+ Kd8 17. Qb3 Kxc7 18. Bd2 h5 19. Qa4 h4 20. h3 Bxh3 21. gxh3 Qxh3 22. Qd1 Qg3+ 23. Kh1 Rh6 24. Qf3 Re8 25. Rae1 Rhe6 26. Qxg3 hxg3 27. Rf3 Rg6 28. Kg2 f5 29. Bxa5+ b6 30. Bd2 d5 31. cxd5 cxd5 32. b4 Be7 33. Rxg3 Rxg3+ 34. Kxg3 Rh8 35. Rc1+ Kd7 36. Bc3 Rh7 37. Bd4 b5 38. Be5 Rh8 39. Rd1 Ke6 40. Bd4 Ra8 41. Bb2 Rc8 42. Kf3 g5 43. fxg5 Bxg5 44. Rg1 Bf6 45. Rg6 Rf8 46. Kf4 Ke7 47. Bxf6+ Rxf6 48. Rg7+ Kd6 49. Rg8 Re6 50. Rd8+ Kc6 51. Rc8+ Kb6 52. Rc5 d4 53. exd4 Re4+ 54. Kxf5 Rxd4 55. Rc3 Rh4 56. Re3 Kc6 57. Ke5 Rc4 58. Rd3 Rh4 59. Rc3+ Kb6 60. Kd6 Rd4+ 61. Ke5 Rh4 62. Kf5 Rd4 63. Ke5 Rg4 64. Rd3 Kc6 65. Rd6+ Kc7 66. Rd3 Kc6 67. Rh3 Rc4 68. Rf3 Rh4 69. Rc3+ Kb6 1/2-1/2

[Event "Heusenstamm Sparkassen op U14 6th"]
[Site "Heusenstamm"]
[Date "2019.11.23"]
[Round "3"]
[White "Akhmatovski, Maxim"]
[Black "Schmidt, Moritz"]
[Result "1/2-1/2"]
[WhiteElo "1359"]
[BlackElo "1095"]
[PlyCount "63"]
[EventDate "2019.11.21"]
[EventType "swiss"]
[EventRounds "7"]
[EventCountry "GER"]
[SourceTitle "CBM 194 Extra"]
[Source "ChessBase"]
[SourceDate "2020.03.31"]
[SourceVersion "1"]
[SourceVersionDate "2020.03.31"]
[SourceQuality "1"]

1. d4 Nf6 2. c4 e6 3. Nc3 Bb4 4. Qc2 Bxc3+ 5. Qxc3 d5 6. e3 b6 7. Nf3 c5 8. b3 Nc6 9. Ba3 Ne4 10. Qd3 0-0 11. Be2 Re8 12. 0-0 Bb7 13. Rfd1 Qc7 14. dxc5 bxc5 15. cxd5 exd5 16. Rac1 Ne5 17. Nxe5 Rxe5 18. f3 Nf6 19. Rxc5 Qb6 20. Rdc1 Nd7 21. Rc7 Rxe3 22. Rxb7 Rxd3+ 23. Rxb6 axb6 24. Bxd3 Rxa3 25. Bb5 Nc5 26. Rd1 g6 27. Rxd5 Rxa2 28. Bc4 Rb2 29. Rd6 b5 30. Bxb5 Rxb3 31. Bc4 Rc3 32. Bb5 1/2-1/2

[Event "Heusenstamm Sparkassen op U14 6th"]
[Site "Heusenstamm"]
[Date "2019.11.23"]
[Round "2"]
[White "Mueller, Riyanna"]
[Black "Akhmatovski, Maxim"]
[Result "0-1"]
[WhiteElo "1024"]
[BlackElo "1359"]
[PlyCount "80"]
[EventDate "2019.11.21"]
[EventType "swiss"]
[EventRounds "7"]
[EventCountry "GER"]
[SourceTitle "CBM 194 Extra"]
[Source "ChessBase"]
[SourceDate "2020.03.31"]
[SourceVersion "1"]
[SourceVersionDate "2020.03.31"]
[SourceQuality "1"]

1. e4 e5 2. Nf3 Nc6 3. Bc4 Bc5 4. d3 h6 5. Nc3 Nf6 6. Qe2 d6 7. Be3 Bb6 8. 0-0-0 Bg4 9. h3 Bxf3 10. Qxf3 Na5 11. Nd5 Nxc4 12. Nxf6+ Qxf6 13. Qxf6 Bxe3+ 14. fxe3 gxf6 15. dxc4 Rg8 16. g4 Ke7 17. Rhf1 Rg6 18. Rf3 Rh8 19. Rg1 h5 20. Rf5 hxg4 21. hxg4 Rhg8 22. Rgf1 Rh8 23. Rg1 Rh4 24. g5 fxg5 25. Rgxg5 Rxg5 26. Rxg5 Rxe4 27. Rg8 Rxe3 28. Rb8 b6 29. Rc8 Kd7 30. Rf8 Rf3 31. b3 a5 32. a4 f5 33. Kd2 e4 34. Ke2 f4 35. Rf7+ Ke6 36. Rxc7 Rh3 37. Rc8 Rh2+ 38. Ke1 Ke5 39. c3 e3 40. Re8+ Kf5 0-1

[Event "Heusenstamm Sparkassen op U14 6th"]
[Site "Heusenstamm"]
[Date "2019.11.23"]
[Round "4"]
[White "Riemann, Adrian"]
[Black "Akhmatovski, Maxim"]
[Result "1/2-1/2"]
[WhiteElo "1307"]
[BlackElo "1359"]
[PlyCount "83"]
[EventDate "2019.11.21"]
[EventType "swiss"]
[EventRounds "7"]
[EventCountry "GER"]
[SourceTitle "CBM 194 Extra"]
[Source "ChessBase"]
[SourceDate "2020.03.31"]
[SourceVersion "1"]
[SourceVersionDate "2020.03.31"]
[SourceQuality "1"]

1. d4 d5 2. c3 e6 3. e3 Nf6 4. Nd2 Bd6 5. Bd3 0-0 6. f4 c5 7. Ngf3 Nc6 8. Ne5 Nd7 9. 0-0 Qb6 10. Ndf3 cxd4 11. exd4 Ndxe5 12. Nxe5 Nxe5 13. fxe5 Bxe5 14. Bxh7+ Kxh7 15. Qh5+ Kg8 16. Qxe5 f6 17. Qe3 e5 18. dxe5 Qxe3+ 19. Bxe3 fxe5 20. Rxf8+ Kxf8 21. Bc5+ Kg8 22. Re1 e4 23. Kf2 Be6 24. c4 b6 25. cxd5 Bxd5 26. Bd4 Re8 27. a3 Kf7 28. Ke3 Kg6 29. Rf1 Rh8 30. h3 Rc8 31. Rf4 Rc7 32. Rg4+ Kh6 33. Rh4+ Kg6 34. Rg4+ Kh6 35. Rf4 Re7 36. Rf5 Bc4 37. g4 Bd3 38. h4 Rc7 39. Bc3 Rd7 40. Re5 Rf7 41. Re6+ Kh7 42. h5 1/2-1/2

[Event "Heusenstamm Sparkassen op U14 6th"]
[Site "Heusenstamm"]
[Date "2019.11.22"]
[Round "1"]
[White "Akhmatovski, Maxim"]
[Black "Basoglu, Jakob"]
[Result "1-0"]
[WhiteElo "1359"]
[BlackElo "945"]
[PlyCount "45"]
[EventDate "2019.11.21"]
[EventType "swiss"]
[EventRounds "7"]
[EventCountry "GER"]
[SourceTitle "CBM 194 Extra"]
[Source "ChessBase"]
[SourceDate "2020.03.31"]
[SourceVersion "1"]
[SourceVersionDate "2020.03.31"]
[SourceQuality "1"]

1. d4 d5 2. c4 e6 3. Nc3 Nf6 4. Bg5 Be7 5. e3 0-0 6. Nf3 h6 7. Bh4 Nbd7 8. Bd3 c5 9. cxd5 cxd4 10. Nxd4 exd5 11. 0-0 g5 12. Bg3 h5 13. h3 Nc5 14. Rc1 Nxd3 15. Qxd3 h4 16. Be5 Re8 17. Nf3 Bd6 18. Bxf6 Qxf6 19. Nxd5 Qg6 20. Qxg6+ fxg6 21. Nf6+ Kf8 22. Nxe8 Kxe8 23. Rfd1 1-0

[Event "Bad Soden U14 op"]
[Site "Bad Soden"]
[Date "2019.10.05"]
[Round "5"]
[White "Akhmatovski, Maxim"]
[Black "Trenz, Finn"]
[Result "1/2-1/2"]
[WhiteElo "1359"]
[BlackElo "1471"]
[PlyCount "66"]
[EventDate "2019.10.03"]
[EventType "swiss"]
[EventRounds "9"]
[EventCountry "GER"]
[SourceTitle "CBM 192 Extra"]
[Source "Chessbase"]
[SourceDate "2019.11.06"]
[SourceVersion "1"]
[SourceVersionDate "2019.11.06"]
[SourceQuality "1"]

1. e4 e5 2. Nf3 Nc6 3. Bc4 Bc5 4. d3 d6 5. h3 Be6 6. Bxe6 fxe6 7. 0-0 Qd7 8. c3 0-0-0 9. b4 Bb6 10. a4 a5 11. Qb3 h6 12. Nbd2 axb4 13. cxb4 Nd4 14. Nxd4 Bxd4 15. Ra2 d5 16. Bb2 dxe4 17. dxe4 Nf6 18. Rc1 Bxf2+ 19. Kxf2 Qxd2+ 20. Kg1 Qd6 21. Qc4 Rd7 22. Bc3 Qd3 23. Qxd3 Rxd3 24. Bxe5 c6 25. Rc4 Kd7 26. b5 Rc8 27. Rf2 cxb5 28. Rxc8 Kxc8 29. axb5 Rd1+ 30. Kh2 Nxe4 31. Rc2+ Kd8 32. Re2 Nd2 33. Kg3 Nc4 1/2-1/2

[Event "Bad Soden U14 op"]
[Site "Bad Soden"]
[Date "2019.10.03"]
[Round "1"]
[White "Akhmatovski, Maxim"]
[Black "Wagner, Maribel"]
[Result "1-0"]
[WhiteElo "1359"]
[BlackElo "760"]
[PlyCount "85"]
[EventDate "2019.10.03"]
[EventType "swiss"]
[EventRounds "9"]
[EventCountry "GER"]
[SourceTitle "CBM 192 Extra"]
[Source "Chessbase"]
[SourceDate "2019.11.06"]
[SourceVersion "1"]
[SourceVersionDate "2019.11.06"]
[SourceQuality "1"]

1. d4 d5 2. c4 e6 3. Nc3 Nc6 4. e3 Nf6 5. Nf3 Bb4 6. Bd2 Bd7 7. a3 Ba5 8. b4 Bb6 9. c5 0-0 10. Bd3 a6 11. cxb6 cxb6 12. 0-0 a5 13. b5 Ne7 14. a4 Ng6 15. Bxg6 fxg6 16. Ne5 Be8 17. Ne2 Nh5 18. Bc1 Qh4 19. Ba3 Rf5 20. Ng3 Nf6 21. Nxf5 gxf5 22. f3 Nh5 23. Qe1 Qg5 24. Qf2 f4 25. Ng4 fxe3 26. Qxe3 Nf4 27. Bd6 Qf5 28. Qxf4 Bg6 29. Qxf5 Bxf5 30. Ne5 Rd8 31. Bc7 Rf8 32. Bxb6 Ra8 33. Rac1 Bd3 34. Nxd3 Ra6 35. bxa6 bxa6 36. Ne5 h6 37. Rc7 Kh7 38. Rfc1 h5 39. f4 Kh6 40. Ra7 h4 41. Rcc7 Kh5 42. Rxg7 Kh6 43. Rh7# 1-0

[Event "Rhein Main op-B 22nd"]
[Site "Bad Homburg"]
[Date "2019.06.20"]
[Round "3"]
[White "Jansen, Nora"]
[Black "Akhmatovski, Maxim"]
[Result "1-0"]
[WhiteElo "1449"]
[BlackElo "1214"]
[PlyCount "97"]
[EventDate "2019.06.19"]
[EventType "swiss"]
[EventRounds "7"]
[EventCountry "GER"]
[SourceTitle "EXT 2020"]
[Source "ChessBase"]
[SourceDate "2019.10.17"]
[SourceVersion "1"]
[SourceVersionDate "2019.10.17"]
[SourceQuality "1"]

1. c4 e5 2. g3 Bc5 3. Bg2 c6 4. Nc3 Nf6 5. e3 d5 6. cxd5 cxd5 7. d4 exd4 8. exd4 Bb4 9. Nge2 Bf5 10. 0-0 Qd7 11. Qb3 Bxc3 12. Nxc3 Be6 13. Bg5 Ne4 14. Bxe4 dxe4 15. d5 Bf5 16. Rfe1 0-0 17. Nxe4 Na6 18. Qf3 Bxe4 19. Qxe4 Rfe8 20. Qd4 Nc7 21. Rxe8+ Rxe8 22. Rd1 h6 23. Bf4 Nb5 24. Qd3 Rd8 25. a4 Nd6 26. Bxd6 Qxd6 27. Qd4 b6 28. b4 a6 29. Qc4 Kh8 30. Kg2 Kg8 31. Kf3 Qf6+ 32. Kg2 Qd6 33. Qd4 Kf8 34. Kf3 Re8 35. Qf4 Qd7 36. a5 bxa5 37. bxa5 Qb5 38. Qd2 Qb3+ 39. Qd3 Rb8 40. d6 Qxd3+ 41. Rxd3 Rd8 42. Ke4 Rd7 43. Kd5 Ke8 44. Kc6 Kd8 45. Kb6 Kc8 46. Kxa6 Rb7 47. d7+ Rxd7 48. Rxd7 Kxd7 49. Kb7 1-0